MARC
| LEADER | 00000 a a2200000 04500 | ||
|---|---|---|---|
| 001 | 28578 | ||
| 003 | |||
| 040 | |||
| 020 | |a 950-9231-80-0 | ||
| 090 | |a 189107 | ||
| 100 | |a Levy, Bettina | ||
| 110 | |a CLACSO | ||
| 245 | |a Crisis y conflicto en el capitalismo latinoamericano: lecturas políticas / |c CLACSO | ||
| 260 | |a Buenos Aires: |b CLACSO | ||
| 300 | |a 355 p |b **no definido** | ||
| 650 | |a COMPORTAMIENTO POLITICO | ||
| 650 | |a MARCO INSTITUCIONAL | ||
| 650 | |a POBREZA | ||
| 650 | |a MARGINALIDAD | ||
| 650 | |a VOTACIONES | ||
| 650 | |a ANALISIS COMPARATIVO | ||
| 700 | |a comp | ||
| 710 | |a Asdi | ||
| 999 | |c 12856 |d 12856 | ||



